• 首页
  • 本馆介绍
  • 公告通知
  • 最新文献
  • 馆藏检索
  • 电子资源
  • 读者导购
  • 参考咨询
  • 我的图书馆
  • 登录
  • 详细信息显示
  • 放入我的书架
  • 预约/预借图书
  • 作者相关作品
  • 分类相关作品
  • 丛书相关作品
  • 出版社相关作品

书目信息

  • 表格格式
  • 工作单格式
  • 卡片格式
题名:
城市生态与旅游经济导论
    
 
作者: 李建龙 主编
分册:  
出版信息: 北京   化学工业出版社  2007
页数: 273页
开本: 24cm
丛书名:
单 册:
中图分类: F590.7
科图分类:
主题词: 城市--生态型--旅游经济--高等学校--教材 , 城市 , 生态型 , 旅游经济
电子资源:
ISBN: 978-7-5025-9919-5
000 00979nam0 2200289 450
001 003420649
005 20070626091418.0
010    @a978-7-5025-9919-5@dCNY28.00
035    @a003420649
100    @a20070104d2007 em y0chiy0110 ea
101 0  @achi
102    @aCN@b110000
105    @ay z 000yy
106    @ar
200 1  @a城市生态与旅游经济导论@Acheng shi sheng tai yu lv you jing ji dao lun@f李建龙主编@Fli jian long zhu bian
210    @a北京@c化学工业出版社@d2007
215    @a273页@d24cm
300    @a高等学校规划教材
330    @a本书主要阐述了城市生态系统组成、结构与功能,生态城市构建理论与规划技术,城市生态问题与环保策略等内容。详细论述了生态旅游理论、生态旅游文化和经济开发原理等问题。
606 0  @a城市@x生态型@x旅游经济@x高等学校@j教材
606 0  @a城市
606 0  @a生态型
606 0  @a旅游经济
690    @aF590.7@v4
701  0 @a李建龙@Ali jian long@f(1962~)@4主编
801  0 @aCN@bNLC@c20070704
905    @dF590.7@e139 @f5
    
    城市生态与旅游经济导论/李建龙主编.-北京:化学工业出版社,2007
    273页;24cm
    高等学校规划教材
    
    ISBN 978-7-5025-9919-5:CNY28.00
    本书主要阐述了城市生态系统组成、结构与功能,生态城市构建理论与规划技术,城市生态问题与环保策略等内容。详细论述了生态旅游理论、生态旅游文化和经济开发原理等问题。
●
相关链接 在E读中查询图书 在五车中查询图书 在当当中查询图书 在豆瓣中查询图书


正题名:城市生态与旅游经济导论     索取号:F590.7/139         预约/预借

序号 登录号 条形码 馆藏地/架位号 状态 备注
1 0579103   205791035   第一样本阅览室/ [索取号:F590.7/139] 在馆    
2 0579104   205791044   第一借阅区/ [索取号:F590.7/139] 在馆    
3 0579105   205791053   第一借阅区/ [索取号:F590.7/139] 在馆    
4 0579106   205791062   第一借阅区/ [索取号:F590.7/139] 在馆    
5 0579107   205791071   第一借阅区/ [索取号:F590.7/139] 在馆    
6 0579108   205791080   密集书库/ [索取号:F590.7/139] 在馆    
7 0579109   205791099   第一借阅区/ [索取号:F590.7/139] 在馆    
8 0579110   205791106   第一借阅区/ [索取号:F590.7/139] 在馆    
9 0850518   208505189   密集书库/ [索取号:F590.7/139] 在馆    
10 0850519   208505198   密集书库/ [索取号:F590.7/139] 在馆    
11 0850520   208505205   密集书库/ [索取号:F590.7/139] 在馆    
12 0850521   208505214   密集书库/ [索取号:F590.7/139] 在馆    
13 0850522   208505223   密集书库/ [索取号:F590.7/139] 在馆    
唐山师范学院图书馆 欢迎您!
大连网信软件有限公司© 版权所有